000 00748nam a2200289Ia 4500
005 20260324124507.0
008 008 260324s9999 xx 000 0 eng d
020 _a9780203852958
037 _aEBOOK
040 _aCRL
040 _beng
040 _cCRL
041 _2eng
041 _aeng
084 _qCRL
100 _aCaren Grown; Imraan Valodia
_91174370
245 0 _aTaxation and Gender Equity
245 2 _bA Comparative Analysis of Direct and Indirect Taxes in Developing and Developed Countries
260 _bTaylor and Francis
260 _c2010
365 _a
365 _b240
856 _uhttp://www.taylorfrancis.com/books/9780203852958
942 _cEBOOK
999 _c1768790
_d1768790